| 000 | 00604nam a22001937a 4500 | ||
|---|---|---|---|
| 003 | OSt | ||
| 005 | 20180116183029.0 | ||
| 008 | 151216b xxu||||| |||| 00| 0 eng d | ||
| 020 | _a.02-607-98-1 | ||
| 024 | _2.02-607-98-1 | ||
| 040 | _cLahore LUMS | ||
| 082 | _a174.4 LUM 1998 | ||
| 100 | _aFarooq S, Khan N, Sipra N | ||
| 245 |
_aNISHAT CHUNIAN LIMITED – FINANCIAL PROJECTIONS _cFarooq S, Khan N, Sipra N |
||
| 260 |
_aLahore LUMS _b Lahore University of Management Sciences _c1998 |
||
| 300 |
_a6 p. _bPapers |
||
| 440 | _aNISHAT CHUNIAN LIMITED – FINANCIAL PROJECTIONS | ||
| 942 |
_2ddc _cREF |
||
| 999 |
_c350910 _d350910 |
||